000 00585nam a2200217Ia 4500
003 OSt
005 20220925202433.0
006 a|||||r|||| 00| 0
007 ta
008 220923b |||||||| |||| 00| 0 eng d
037 _cGeneral Book
040 _aRTL
_cRTL
_beng
041 _2eng
_aeng
082 _aB281, K4
100 _aBhatnagar P L
_9262784
245 0 _aElements of Statistics and theory of errors.
260 _aDelhi
_bS chand & co
_c1964
300 _aiii,180p.
_ccm.
942 _hB281, K4
_cGB
_2CC
999 _c543160
_d543160